| 000 | 00906nam a22002897a 4500 | ||
|---|---|---|---|
| 003 | DO-SdBPM | ||
| 005 | 20260512111744.0 | ||
| 007 | ta | ||
| 008 | 161031b 2005 xx a 1 00| 0 spa d | ||
| 020 | _a0765277360 | ||
| 040 |
_aDO-SdBPM _bspa _cBPMSU _erda |
||
| 082 | 0 | 4 |
_a910.9142 _bB149e 2005 _222 |
| 100 | 1 |
_aBagshaw, Judy _eautora _4aut. |
|
| 245 | 1 | 0 |
_aEn las montañas / _cJudy Bagshaw |
| 264 |
_aEstados Unidos : _bCelebration Press, _bPearson Learning Group , _c2006. |
||
| 300 |
_a32 páginas : _bilustración ; _c25 cm. |
||
| 336 |
_atexto _btxt _2rdacontent |
||
| 337 |
_asin mediación _bn _2rdamedia |
||
| 338 |
_avolumen _bnc _2rdacarrier |
||
| 490 | 0 | _aiOpeners | |
| 500 | _aIncluye índice | ||
| 500 | _aIncluye glosario | ||
| 590 | _aInventariado, 2026/VM | ||
| 650 | 7 |
_aGeografías _xDescripciónes y viajes |
|
| 910 | _aVMateo V. Control de calida. BPMSU | ||
| 942 |
_2ddc _cBK |
||
| 999 |
_c12610 _d12610 |
||